Une lettre suffit pour répondre juste #42 (attention 10 lettres tuent) - Statistiques

Statistiques générales
  • Ce quiz a été pris 74 fois
  • Le résultat moyen est 4 sur 6
Statistiques - réponses
Hint Réponse % Correct
Donne une des 5 lettres du nom de l'archéologue tout terrain de fiction et protagoniste de la série de jeux vidéo Tomb Raider prénommée Lara
CROFT
100%
Donne une des 4 lettres du groupe français d'entreprises, fondé en 1987 par Alain Chevalier et Henry Racamier, qui est en 2025 numéro un mondial de l'industrie du luxe quant au chiffre d'affaires LVMH
74%
Donne une des 3 lettres qui complète le nom de cette série télévisée française, créée par Dominique Besnehard et Fanny Herrero : _ _ _ pour cent
DIX
61%
Donne une des 2 lettres qui désigne ce choco
BN
60%
Donne la lettre qui entourée d'un rond est un symbole des anarchistes A
55%
Donne la première lettre du prénom et nom du personnage historique écossais interprété par Mel Gibson dans Braveheart
W (William Wallace)
16%
Aucun quiz correspondant
Distribution des résultats
% des personnes avec chaque résultat
Percentile par nombre de réponses
Votre historique - résultats
Vous n’avez pas pris ce quiz